| 000 | 00526nam a2200181 i 4500 | ||
|---|---|---|---|
| 001 | 58482 | ||
| 003 | ES-MaACL | ||
| 005 | 20250928103331.0 | ||
| 007 | t| | ||
| 008 | 031022s1929 xr ||||1| fre d | ||
| 100 | 1 |
_aDvornik, Francis. _946401 |
|
| 245 | 1 | 0 |
_aSaint Venceslas duc de Bohême _b: martyr / _cpar Abbé Dvornik. |
| 260 |
_aPrague : _b[s.n.], _c1929 ( _fImp. d'Etat) |
||
| 300 |
_a80 p. : _bil. ; _c18 cm. |
||
| 600 | 1 | 7 |
_aWenceslao, _cSanto _2 _9154434 |
| 852 |
_aES-MaACL _j1736-F-14 |
||
| 999 |
_c58482 _d58482 |
||